| 000 | 00556nam a2200205Ia 4500 | ||
|---|---|---|---|
| 003 | OSt | ||
| 005 | 20220926045422.0 | ||
| 006 | a|||||r|||| 00| 0 | ||
| 007 | ta | ||
| 008 | 220923b |||||||| |||| 00| 0 eng d | ||
| 037 | _cGeneral Book | ||
| 040 |
_aRTL _cRTL _beng |
||
| 041 |
_2eng _aeng |
||
| 082 | _aX:770gFP1.N79, M0.2 | ||
| 245 | 0 | _aSummary 1-6 | |
| 490 | _vVol.2:Escap National Paper for the U N C S T D | ||
| 500 | _aPaper 7--59( Indian) | ||
| 942 |
_hX:770gFP1.N79, M0.2 _cGB _2CC |
||
| 999 |
_c677536 _d677536 |
||